| 000 | 01369cam a22002054a 4500 | ||
|---|---|---|---|
| 005 | 20250605164034.0 | ||
| 008 | 250528s ||||||||||||||||||||||||d | ||
| 035 | _a16754 | ||
| 020 | _a9600314632 | ||
| 040 |
_aGR-AtMCL _bgre _dGR-AtMCL _eAACR2 |
||
| 245 | 1 | _aΜοιραία Ερωτική Καταδίωξη / Μυθιστόρημα | |
| 260 |
_bΚαστανιώτη, _c1996 |
||
| 300 | _a280 | ||
| 505 | 0 | _aΗ Ωραία Πόζαμοντ, Η ''Κίρκη'', Συνοδός, Ανθισμένη Ρόουζ, Χολέρα, Ένας Κρυμμένος Τάφος, Μια Γυναικεία Σκιά, Μες στη Νύχτα, Η Καταξίωδη Αρχίζει, Μαντμαζέλ Όνοριν, Άλλη μια Γυναίκα Περισσότερο Δυστυχισμένη, Στο Εξομολόγητήριο, Αποτάξου τον Πειρασμό, Μια Στιγμή Ευτυχίας, Η Κυρία Κόμισσα, Τρελή, Μαρτύριο, Ένας Φίλος, ''Κόρη μου'', Κ.Ε., ΗΥ Κυρία Τέμπεστ, Δύο Φορές Νικημένος, Τιμωρία, Το Όραμα Επαληθεύεται. | |
| 520 | _aΈνα ρομαντικό θρίλερ, με τη σφραγίδα της δημιουργού των Μικρών Κυριών. | ||
| 700 | 1 |
_aAlcott Louisa May _92844 |
|
| 942 | _cBK | ||
| 999 |
_c2223 _d2223 |
||